000 01333cam a2200349 i 4500
001 1186865
003 EG-ScBUE
005 20250521082056.0
008 970318s1996 enka f b 001 0 eng d
020 _a0750629584
020 _a9780750629584
040 _aEG-ScBUE
_beng
_erda
_cEG-ScBUE
_dEG-ScBUE
082 0 4 _222
_a532.051
_bELD
100 1 _aElder, Samuel A.,
_eauthor.
245 1 0 _aFluid physics for oceanographers and physicists :
_ban introduction to incompressible flow /
_cSamuel A. Elder, Physics Department, US Naval Academy, Annapolis, Maryland, USA, Jerome Williams, Oceanography Department, US Naval Academy, Annapolis, Maryland, USA.
250 _aSecond edition.
264 1 _aOxford :
_bButterworth-Heinemann,
_c1996.
300 _axiii, 395 pages :
_billustrations ;
_c24 cm
336 _2rdacontent
_atext
_btxt
337 _aunmediated
_2rdamedia
_bn
338 _avolume
_bnc
_2rdacarrier
500 _aAuthors' names reversed on previous ed.
504 _aIncludes bibliographical references and index.
650 7 _aFluids.
_2BUEsh
_96331
650 7 _aFluid mechanics.
_2BUEsh
_95179
650 7 _aOceanography.
_2BUEsh
650 7 _aDynamic meteorology.
_2BUEsh
_97406
653 _bGGEN
_cNovember2017
655 _vReading book
700 1 _aWilliams, Jerome,
_d1926-
_eauthor.
942 _2ddc
_cBB
999 _c25694
_d25666